[Event "Gibert Cup"]
[Site "Paisley"]
[Date "2018.07.17"]
[Round "4.3"]
[White "Sivarajasingam, Shayanna"]
[Black "Duson, Robin"]
[Result "0-1"]
[WhiteElo "1780"]
[BlackElo "1990"]
[PlyCount "82"]
[EventDate "2018.07.16"]
[WhiteTeam "Wales"]
[BlackTeam "Netherlands"]
[WhiteTeamCountry "WLS"]
[BlackTeamCountry "NED"]

1. e4 c5 2. Nf3 e6 3. c4 Nc6 4. Nc3 Nd4 5. d3 Ne7 6. Nxd4 cxd4 7. Ne2 e5 8. g3
d6 9. Bg2 Nc6 10. O-O Be7 11. f4 a5 12. a4 Nb4 13. b3 h5 14. h4 g6 15. Ba3 Na6
16. Qd2 b6 17. Rf2 f6 18. Kf1 Nc5 19. Rb1 g5 20. hxg5 fxg5 21. f5 g4 22. Ng1
Bg5 23. Qc2 Bd7 24. Ke2 Be3 25. Rff1 Qg5 26. Bc1 Kf7 27. Re1 h4 28. gxh4 Rxh4
29. Kd1 Bxc1 30. Rxc1 Rh2 31. Re2 Rah8 32. Rb1 Qf4 33. Qd2 Kf6 34. Kc2 Qg3 35.
Rf1 Nxd3 36. Qxd3 Rxg2 37. Qxg3 Rxg3 38. Ree1 Rh2+ 39. Kc1 Rxb3 40. Rd1 Rc3+
41. Kb1 Bxa4 0-1

[Event "Gibert Cup"]
[Site "Paisley"]
[Date "2018.07.17"]
[Round "4.3"]
[White "Roebers, Eline"]
[Black "Fraser, Susanna"]
[Result "1-0"]
[WhiteElo "1901"]
[BlackElo "1537"]
[PlyCount "109"]
[EventDate "2018.07.16"]
[WhiteTeam "Netherlands"]
[BlackTeam "Wales"]
[WhiteTeamCountry "NED"]
[BlackTeamCountry "WLS"]

1. e4 e5 2. Nc3 Nf6 3. f4 d5 4. fxe5 Nxe4 5. Qf3 Nxc3 6. bxc3 Qh4+ 7. g3 Qe4+
8. Qxe4 dxe4 9. Bg2 Bf5 10. d4 Nd7 11. Ne2 f6 12. exf6 Nxf6 13. O-O Bd7 14. Bg5
Be7 15. Bxf6 Bxf6 16. Bxe4 O-O-O 17. Nf4 g6 18. Nxg6 Bxd4+ 19. cxd4 hxg6 20.
Bxg6 Bc6 21. c3 Rh6 22. Bf5+ Kb8 23. Rae1 Bd5 24. Rf2 Ra6 25. Bb1 Ra3 26. Re3
a6 27. h4 Bc4 28. g4 Rh8 29. Rh2 Rf8 30. Rf2 Rh8 31. h5 Rg8 32. Bf5 Bxa2 33. h6
Bc4 34. h7 Ra1+ 35. Kg2 Bd5+ 36. Kg3 Rh8 37. Rfe2 Rg1+ 38. Kf4 Bc6 39. Kg5 Rh1
40. Kg6 Ka7 41. Kg7 Rd8 42. Be6 a5 43. Bg8 Bd5 44. Bxd5 Rd7+ 45. Re7 Rxd5 46.
h8=Q Rxh8 47. Kxh8 a4 48. R7e5 Rd8+ 49. Kg7 Kb6 50. g5 a3 51. g6 Ra8 52. Ra2
Kc6 53. Kh7 Kd6 54. g7 c5 55. Rxa3 1-0

[Event "Gibert Cup"]
[Site "Paisley"]
[Date "2018.07.17"]
[Round "4.3"]
[White "Mcintosh, Rachel"]
[Black "Martinez, Anna"]
[Result "0-1"]
[WhiteElo "1545"]
[BlackElo "1829"]
[PlyCount "60"]
[EventDate "2018.07.16"]
[WhiteTeam "Wales"]
[BlackTeam "Netherlands"]
[WhiteTeamCountry "WLS"]
[BlackTeamCountry "NED"]

1. e4 c5 2. Nc3 e6 3. f4 d5 4. Bb5+ Bd7 5. Bxd7+ Qxd7 6. d3 Nc6 7. Nf3 d4 8.
Ne2 Nf6 9. O-O g6 10. Qe1 Bg7 11. f5 exf5 12. exf5 O-O 13. fxg6 fxg6 14. Qh4
Rae8 15. Nf4 Ne5 16. Nxe5 Rxe5 17. Nh3 h6 18. Qf4 Rf5 19. Qh4 Rxf1+ 20. Kxf1 g5
21. Qe1 Ng4+ 22. Kg1 Be5 23. g3 Qf5 24. Bd2 Ne3 25. Nf2 Nxc2 26. g4 Qf3 27.
Qxe5 Qxf2+ 28. Kh1 Nxa1 29. Qd5+ Qf7 30. Qxf7+ Rxf7 0-1

[Event "Gibert Cup"]
[Site "Paisley"]
[Date "2018.07.18"]
[Round "5.1"]
[White "Duson, Robin"]
[Black "Ni Mhuireagain, Eibhia"]
[Result "1-0"]
[WhiteElo "1990"]
[BlackElo "1611"]
[PlyCount "77"]
[EventDate "2018.07.16"]
[WhiteTeam "Netherlands"]
[BlackTeam "Ireland"]
[WhiteTeamCountry "NED"]
[BlackTeamCountry "IRL"]

1. d4 d5 2. c4 c6 3. Nc3 Nf6 4. e3 Bf5 5. cxd5 cxd5 6. Qb3 Qb6 7. Nxd5 Qxb3 8.
Nxf6+ gxf6 9. axb3 e6 10. Ne2 Bc2 11. Nc3 Nc6 12. Bc4 a6 13. Bd2 Rc8 14. O-O
Nb4 15. Rfc1 b5 16. Bf1 Kd8 17. Na2 Nd3 18. Bxd3 Bxd3 19. Bb4 Rxc1+ 20. Rxc1
Kd7 21. Bxf8 Rxf8 22. Nb4 Bg6 23. Nxa6 Ra8 24. Nc5+ Ke7 25. b4 Ra2 26. b3 Rb2
27. e4 Rd2 28. f3 Rxd4 29. Na6 Rd3 30. Rc5 Rxb3 31. Rxb5 f5 32. e5 f4 33. Rb7+
Ke8 34. h4 Rb1+ 35. Kh2 Re1 36. b5 Rxe5 37. b6 Bd3 38. Rb8+ Ke7 39. b7 1-0

[Event "Gibert Cup"]
[Site "Paisley"]
[Date "2018.07.18"]
[Round "5.1"]
[White "Ryder, Kynesha"]
[Black "Roebers, Eline"]
[Result "1/2-1/2"]
[WhiteElo "1452"]
[BlackElo "1901"]
[PlyCount "65"]
[EventDate "2018.07.16"]
[WhiteTeam "Ireland"]
[BlackTeam "Netherlands"]
[WhiteTeamCountry "IRL"]
[BlackTeamCountry "NED"]

1. e4 c6 2. d3 d5 3. Nd2 e5 4. Ngf3 Bd6 5. g3 Ne7 6. Bg2 O-O 7. O-O f5 8. Re1
Qc7 9. Qe2 Nd7 10. exf5 Nxf5 11. b3 b5 12. c4 bxc4 13. bxc4 Ba6 14. Bb2 Rae8
15. Qd1 Nc5 16. Nb3 e4 17. dxe4 dxe4 18. Ng5 Nd3 19. Qc2 Nxe1 20. Rxe1 h6 21.
Nxe4 Bb4 22. Rd1 Nd6 23. Nec5 Bxc5 24. Nxc5 Bxc4 25. Rxd6 Qxd6 26. Qxc4+ Kh8
27. Nd3 Rd8 28. Qg4 Rf6 29. Be4 c5 30. Kg2 Kg8 31. Nf4 Qb6 32. Bc3 Rd7 33. Ng6
1/2-1/2

[Event "Gibert Cup"]
[Site "Paisley"]
[Date "2018.07.18"]
[Round "5.2"]
[White "Smith, Rachel Lorna"]
[Black "Sivarajasingam, Shayanna"]
[Result "1/2-1/2"]
[WhiteElo "1557"]
[BlackElo "1780"]
[PlyCount "136"]
[EventDate "2018.07.16"]
[WhiteTeam "Scotland"]
[BlackTeam "Wales"]
[WhiteTeamCountry "SCO"]
[BlackTeamCountry "WLS"]

1. Nf3 Nf6 2. c4 e6 3. b3 d5 4. Bb2 Be7 5. g3 O-O 6. Bg2 a5 7. O-O a4 8. bxa4
Nbd7 9. cxd5 exd5 10. d4 Nb6 11. Nc3 Bd7 12. Nd2 Nxa4 13. Qb3 Nxc3 14. Bxc3 Bc6
15. Bb4 Bxb4 16. Qxb4 Ra4 17. Qb2 Qe7 18. e3 Rfa8 19. Rfc1 Nd7 20. Nb3 Qb4 21.
Qc2 Ra3 22. Nc5 Nb6 23. Rcb1 Qa5 24. Nxb7 Qa4 25. Qxa4 Nxa4 26. Rb3 Nc3 27. Nc5
Rxb3 28. Nxb3 Rxa2 29. Rxa2 Nxa2 30. Na5 Ba8 31. Bh3 Kf8 32. Kg2 Ke7 33. Kf3
Kd6 34. Nb3 Nb4 35. Bf5 h6 36. Nc5 Bc6 37. h4 Ke7 38. g4 Kd6 39. Kf4 g6 40. Bb1
Be8 41. g5 h5 42. Kg3 Nc6 43. f4 Ne7 44. e4 dxe4 45. Nxe4+ Kc6 46. Nf6 Bd7 47.
Nxd7 Kxd7 48. Kf3 Nd5 49. Ba2 c6 50. Bb3 Kd6 51. Ke4 Ke6 52. Bc4 Kd6 53. Bb3
Nc3+ 54. Kd3 Nd5 55. Bxd5 cxd5 56. Kc3 Ke6 57. Kb4 Kf5 58. Kc5 Ke4 59. Kd6 Kxd4
60. Ke7 Ke4 61. Kxf7 d4 62. Kxg6 d3 63. f5 d2 64. f6 d1=Q 65. f7 Qd6+ 66. Kg7
Qe5+ 67. Kg8 Qe6 68. Kg7 Qe5+ 1/2-1/2

[Event "Gibert Cup"]
[Site "Paisley"]
[Date "2018.07.18"]
[Round "5.2"]
[White "Fraser, Susanna"]
[Black "Hegde, Stuthi"]
[Result "1/2-1/2"]
[WhiteElo "1537"]
[BlackElo "1512"]
[PlyCount "60"]
[EventDate "2018.07.16"]
[WhiteTeam "Wales"]
[BlackTeam "Scotland"]
[WhiteTeamCountry "WLS"]
[BlackTeamCountry "SCO"]

1. d4 d5 2. c4 e6 3. Nf3 Nf6 4. g3 dxc4 5. Bg2 Bb4+ 6. Bd2 a5 7. O-O Nc6 8. Bc3
O-O 9. Qc2 Nd5 10. Bxb4 Ndxb4 11. Qxc4 Qd5 12. Qxd5 exd5 13. Nc3 Be6 14. Rfd1
Rad8 15. Rac1 Rfe8 16. a3 Na6 17. Ng5 h6 18. Nh3 Ne7 19. Nf4 c6 20. Nd3 Nf5 21.
Ne5 Nd6 22. b3 Bf5 23. Rd2 Ne4 24. Nxe4 Bxe4 25. e3 Bxg2 26. Kxg2 Nb8 27. Rdc2
Nd7 28. Nxd7 Rxd7 29. Rc5 Ra8 30. a4 Ra6 1/2-1/2

[Event "Gibert Cup"]
[Site "Paisley"]
[Date "2018.07.18"]
[Round "5.3"]
[White "Jaufarally, Nadia"]
[Black "Imperor, Amelie"]
[Result "0-1"]
[WhiteElo "1988"]
[BlackElo "1912"]
[PlyCount "46"]
[EventDate "2018.07.16"]
[WhiteTeam "England"]
[BlackTeam "France"]
[WhiteTeamCountry "ENG"]
[BlackTeamCountry "FRA"]

1. e4 c5 2. Nf3 e6 3. d4 cxd4 4. Nxd4 Nf6 5. Nc3 d6 6. Be2 Be7 7. O-O O-O 8.
Be3 Nc6 9. f4 Bd7 10. Qe1 Nxd4 11. Bxd4 Bc6 12. Qg3 g6 13. Bf3 b5 14. e5 dxe5
15. Bxe5 Qb6+ 16. Kh1 b4 17. Ne2 Ne4 18. Qh3 Bc5 19. Qh4 f6 20. Bxe4 Bxe4 21.
Bxf6 Qb7 22. Qg5 Rxf6 23. Qxf6 Bxg2# 0-1

[Event "Gibert Cup"]
[Site "Paisley"]
[Date "2018.07.18"]
[Round "5.3"]
[White "Toure, Shanthi"]
[Black "Bennet-Stevens, Lucy"]
[Result "1-0"]
[WhiteElo "1872"]
[BlackElo "1742"]
[PlyCount "105"]
[EventDate "2018.07.16"]
[WhiteTeam "France"]
[BlackTeam "England"]
[WhiteTeamCountry "FRA"]
[BlackTeamCountry "ENG"]

1. e4 c5 2. Nc3 a6 3. g3 b5 4. Bg2 Bb7 5. d3 e6 6. f4 Be7 7. Nf3 Nc6 8. O-O d6
9. h3 Qb6 10. Kh2 h5 11. Be3 Bf6 12. Rb1 Nge7 13. Ne2 Nd4 14. c3 Nxe2 15. Qxe2
O-O 16. Ng5 Bxg5 17. fxg5 g6 18. Rf6 d5 19. b4 d4 20. bxc5 Qxc5 21. cxd4 Qc7
22. Rbf1 Kg7 23. R6f2 Rad8 24. Bf4 Qb6 25. Be5+ Kg8 26. Bf6 Rd7 27. Bf3 h4 28.
gxh4 Qc7+ 29. Be5 Qd8 30. Bf6 Qc7+ 31. Kh1 Qf4 32. Bg4 Qd6 33. h5 gxh5 34. Bxh5
Nf5 35. Be5 Nxd4 36. Bxd6 Nxe2 37. Bxe2 Rxd6 38. Kh2 Kg7 39. h4 Rd7 40. h5 Rh8
41. Kg3 a5 42. Kg4 b4 43. Rb1 Ba6 44. Rf3 Rhd8 45. Rbf1 Rc7 46. h6+ Kg6 47.
Rf6+ Kh7 48. Rxf7+ Rxf7 49. Rxf7+ Kg8 50. g6 Bxd3 51. Bxd3 Rxd3 52. h7+ Kh8 53.
Rf8+ 1-0

[Event "Gibert Cup"]
[Site "Paisley"]
[Date "2018.07.18"]
[Round "5.3"]
[White "Weersing, Sarah"]
[Black "El Barbry, Sarah"]
[Result "0-1"]
[WhiteElo "1608"]
[BlackElo "1851"]
[PlyCount "83"]
[EventDate "2018.07.16"]
[WhiteTeam "England"]
[BlackTeam "France"]
[WhiteTeamCountry "ENG"]
[BlackTeamCountry "FRA"]

1. d4 Nf6 2. c4 e6 3. Nf3 b6 4. Bg5 h6 5. Bh4 Bb7 6. a3 Be7 7. Nbd2 Ne4 8. Bxe7
Qxe7 9. g3 d6 10. Bg2 Nd7 11. O-O f5 12. Nh4 Qf7 13. Nxe4 Bxe4 14. Bxe4 fxe4
15. f3 g5 16. fxe4 Qh7 17. Ng2 Qxe4 18. e3 O-O-O 19. Qf3 Qxf3 20. Rxf3 Rdf8 21.
Raf1 Rxf3 22. Rxf3 Rf8 23. Kf2 d5 24. b3 Rf6 25. Ne1 a5 26. Nd3 a4 27. cxd5
axb3 28. dxe6 Rxe6 29. Ke2 Rc6 30. Kd1 Rc2 31. Rf2 Ra2 32. Rd2 Rxa3 33. Rb2 Ra6
34. Rxb3 b5 35. e4 Rd6 36. Kd2 Rxd4 37. Ke3 Rd6 38. Ke2 c6 39. e5 Re6 40. Ke3
Kd8 41. Ke4 Ke7 42. Kf5 {Scoresheets incomprehensible} 0-1